[Event "FICGS W-ch st1 g08 email"]
[Site "FICGS email"]
[Date "2009.02.03"]
[Round "1"]
[White "Ivanov, Hristo"]
[Black "Broniek, Mariusz Maciej"]
[Result "1/2-1/2"]
[WhiteElo "2187"]
[BlackElo "2129"]
[PlyCount "102"]
[EventDate "2009.??.??"]
[EventType "tourn (corr)"]
[EventRounds "8"]
[SourceTitle "Corr 2022"]
[Source "ChessBase"]
[SourceDate "2021.10.24"]
[SourceVersion "1"]
[SourceVersionDate "2021.10.24"]
[SourceQuality "1"]

1. e4 c5 2. Nf3 d6 3. d4 cxd4 4. Nxd4 Nf6 5. Nc3 a6 6. Bg5 e6 7. f4 Qb6 8. Qd2 Qxb2 9. Rb1 Qa3 10. e5 dxe5 11. fxe5 Nfd7 12. Ne4 h6 13. Bh4 Qxa2 14. Rd1 Qd5 15. Qe3 Qxe5 16. Be2 Bc5 17. Bg3 Qd5 18. c4 Bxd4 19. Rxd4 Qa5+ 20. Rd2 0-0 21. Bd6 Rd8 22. 0-0 f5 23. Nc3 Nf6 24. Ra2 Qxa2 25. Nxa2 Rxd6 26. Qc5 Rd8 27. Bf3 Rf8 28. Nc3 a5 29. Nb5 a4 30. Ra1 Nc6 31. Bxc6 bxc6 32. Nc7 Rb8 33. Qd6 Rb2 34. h3 Ne4 35. Qxc6 Ng3 36. Qd6 Bb7 37. Qxg3 Rxg2+ 38. Qxg2 Bxg2 39. Kxg2 Rc8 40. Nxe6 Rxc4 41. Rf1 Kf7 42. Nxg7 Rc2+ 43. Kg3 Kxg7 44. Rxf5 Rc3+ 45. Kg2 a3 46. h4 Rc1 47. Ra5 Ra1 48. Ra6 a2 49. Kh2 h5 50. Kg2 Kf7 51. Kh2 Ke7 1/2-1/2

[Event "FICGS W-ch st1 g08 email"]
[Site "FICGS email"]
[Date "2009.02.03"]
[Round "1"]
[White "Ivanov, Hristo"]
[Black "Denchev, Stanimir"]
[Result "1-0"]
[WhiteElo "2187"]
[BlackElo "1591"]
[PlyCount "57"]
[EventDate "2009.??.??"]
[EventType "tourn (corr)"]
[EventRounds "8"]
[SourceTitle "Corr 2022"]
[Source "ChessBase"]
[SourceDate "2021.10.24"]
[SourceVersion "1"]
[SourceVersionDate "2021.10.24"]
[SourceQuality "1"]

1. e4 c5 2. Nf3 e6 3. d4 Nf6 4. Nc3 d5 5. exd5 Nxd5 6. Nxd5 exd5 7. Bb5+ Bd7 8. Bxd7+ Nxd7 9. 0-0 Be7 10. dxc5 Nxc5 11. Re1 0-0 12. Re5 Bf6 13. Rxd5 Qc7 14. c3 Rad8 15. Be3 Ne6 16. Rxd8 Rxd8 17. Qa4 a6 18. Re1 h6 19. h3 Ng5 20. Bxg5 Bxg5 21. Re8+ Rxe8 22. Qxe8+ Kh7 23. Qe4+ Kg8 24. Qe8+ Kh7 25. Ne5 f6 26. Ng6 Qc4 27. Nf8+ Kh8 28. Ne6+ Kh7 29. Qf7 1-0

[Event "FICGS W-ch st1 g08 email"]
[Site "FICGS email"]
[Date "2009.02.03"]
[Round "1"]
[White "Ivanov, Hristo"]
[Black "Raman, Ranganathan"]
[Result "1-0"]
[WhiteElo "2187"]
[BlackElo "1800"]
[PlyCount "39"]
[EventDate "2009.??.??"]
[EventType "tourn (corr)"]
[EventRounds "8"]
[SourceTitle "Corr 2022"]
[Source "ChessBase"]
[SourceDate "2021.10.24"]
[SourceVersion "1"]
[SourceVersionDate "2021.10.24"]
[SourceQuality "1"]

1. e4 g6 2. d4 Bg7 3. Nc3 b6 4. Be3 e6 5. Qd2 Nf6 6. e5 c6 7. exf6 Bxf6 8. Nf3 d6 9. 0-0-0 0-0 10. h4 a5 11. h5 a4 12. Bg5 Nd7 13. Ne4 Qe7 14. Nxf6+ Nxf6 15. Qf4 Re8 16. Bxf6 Qf8 17. hxg6 fxg6 18. Rxh7 e5 19. Rh8+ Kf7 20. Ng5# 1-0

[Event "FICGS W-ch st1 g08 email"]
[Site "FICGS email"]
[Date "2009.02.03"]
[Round "1"]
[White "Van der Kemp, Michel"]
[Black "Ivanov, Hristo"]
[Result "1-0"]
[WhiteElo "2011"]
[BlackElo "2187"]
[PlyCount "121"]
[EventDate "2009.??.??"]
[EventType "tourn (corr)"]
[EventRounds "8"]
[SourceTitle "Corr 2022"]
[Source "ChessBase"]
[SourceDate "2021.10.24"]
[SourceVersion "1"]
[SourceVersionDate "2021.10.24"]
[SourceQuality "1"]

1. e4 c5 2. Nf3 Nc6 3. d4 cxd4 4. Nxd4 Nf6 5. Nc3 e5 6. Ndb5 d6 7. Bg5 a6 8. Na3 b5 9. Nd5 Be7 10. Bxf6 Bxf6 11. c3 Bg5 12. Nc2 0-0 13. a4 bxa4 14. Rxa4 a5 15. Bc4 Rb8 16. b3 Kh8 17. Nce3 g6 18. h4 Bxh4 19. g3 Bg5 20. f4 exf4 21. gxf4 Bh4+ 22. Kd2 Ne7 23. Qg1 Nxd5 24. Nxd5 Be6 25. Qh2 g5 26. Kc2 f6 27. Rha1 f5 28. Qd2 Bxd5 29. Bxd5 Qf6 30. Rxa5 fxe4 31. Ra7 Qxf4 32. Qd4+ Qe5 33. Qxe5+ dxe5 34. Bxe4 Rf4 35. R1a4 Rd8 36. Rxh7+ Kg8 37. Rh5 Rf2+ 38. Kc1 Re2 39. Bh7+ Kf8 40. Bc2 Bf2 41. Rh8+ Ke7 42. Rh7+ Kf8 43. Rc4 Bg3 44. b4 Rh2 45. Rxh2 Bxh2 46. Kb2 Bf4 47. Bf5 Ke7 48. Kb3 Be3 49. Re4 Bf4 50. Bg4 Kd6 51. c4 Kc7 52. c5 Rd3+ 53. Kc4 Rd2 54. Bf5 Rc2+ 55. Kb3 Rc1 56. Rc4 Rf1 57. b5 Be3 58. b6+ Kb8 59. Be4 Rf4 60. Kb4 Bd4 61. Kb5 1-0

[Event "FICGS W-ch st2 g05 email"]
[Site "FICGS email"]
[Date "2007.07.11"]
[Round "1"]
[White "Ivanov, Hristo"]
[Black "Paine, Kevin"]
[Result "1/2-1/2"]
[WhiteElo "2200"]
[BlackElo "1682"]
[PlyCount "91"]
[EventDate "2007.??.??"]
[EventType "tourn (corr)"]
[EventRounds "8"]
[SourceTitle "Corr 2022"]
[Source "ChessBase"]
[SourceDate "2021.10.24"]
[SourceVersion "1"]
[SourceVersionDate "2021.10.24"]
[SourceQuality "1"]

1. e4 e5 2. Nf3 Nc6 3. Bb5 a6 4. Ba4 Nf6 5. 0-0 Be7 6. Re1 b5 7. Bb3 d6 8. c3 0-0 9. h3 Na5 10. Bc2 c5 11. d4 Nd7 12. Nbd2 exd4 13. cxd4 Nc6 14. d5 Nce5 15. a4 Bb7 16. Nxe5 Nxe5 17. Qe2 Bf6 18. f4 Nd7 19. axb5 axb5 20. Rxa8 Qxa8 21. Qxb5 Bd4+ 22. Kh2 Nf6 23. Nc4 Ba6 24. Qa4 Bxc4 25. Qxc4 Rb8 26. Qd3 g6 27. b3 Qa2 28. Be3 Qa5 29. b4 Qa7 30. bxc5 Bxc5 31. Bd2 Bf2 32. Rf1 Re8 33. Qf3 Bd4 34. Rd1 Qa2 35. Bd3 Rb8 36. Bc1 Re8 37. Rf1 h6 38. Kh1 Kg7 39. Kh2 Kg8 40. Rd1 Kg7 41. Bd2 Rb8 42. Be1 Rb2 43. Bc2 Bc5 44. Bd3 Bd4 45. Bc2 Bc5 46. Bd3 1/2-1/2

[Event "FICGS W-ch st2 g01 email"]
[Site "FICGS email"]
[Date "2007.02.15"]
[Round "1"]
[White "Benitez, Ryan"]
[Black "Ivanov, Hristo"]
[Result "1/2-1/2"]
[WhiteElo "1942"]
[BlackElo "2193"]
[PlyCount "49"]
[EventDate "2007.??.??"]
[EventType "tourn (corr)"]
[EventRounds "8"]
[SourceTitle "Corr 2022"]
[Source "ChessBase"]
[SourceDate "2021.10.24"]
[SourceVersion "1"]
[SourceVersionDate "2021.10.24"]
[SourceQuality "1"]

1. e4 c5 2. Nf3 Nc6 3. Nc3 d6 4. Bc4 Nf6 5. 0-0 e6 6. d4 cxd4 7. Nxd4 Be7 8. Be3 0-0 9. Re1 Bd7 10. Qe2 a6 11. a3 Rc8 12. Nxc6 Bxc6 13. Bf4 b5 14. Bb3 Qc7 15. Rad1 Rfe8 16. Qd3 Rcd8 17. f3 Qb7 18. Qe3 d5 19. exd5 Bxd5 20. Nxd5 Nxd5 21. Bxd5 Rxd5 22. Rxd5 Qxd5 23. Qe4 Rd8 24. Qxd5 Rxd5 25. Kf2 1/2-1/2

[Event "FICGS W-ch st1 g17 email"]
[Site "FICGS email"]
[Date "2007.01.16"]
[Round "1"]
[White "Ivanov, Hristo"]
[Black "Ruppert, Horst"]
[Result "1-0"]
[WhiteElo "2193"]
[BlackElo "1700"]
[PlyCount "119"]
[EventDate "2007.??.??"]
[EventType "tourn (corr)"]
[EventRounds "8"]
[SourceTitle "Corr 2022"]
[Source "ChessBase"]
[SourceDate "2021.10.24"]
[SourceVersion "1"]
[SourceVersionDate "2021.10.24"]
[SourceQuality "1"]

1. e4 d6 2. d4 Nf6 3. Nc3 g6 4. Be3 c6 5. Qd2 b5 6. Bd3 Nbd7 7. Nf3 e5 8. dxe5 dxe5 9. h3 Bb7 10. a4 a6 11. 0-0 Bg7 12. Ne2 0-0 13. Ng3 Qe7 14. c4 Rfd8 15. axb5 cxb5 16. cxb5 axb5 17. Rxa8 Bxa8 18. Qa5 b4 19. Bc4 h6 20. Nh4 Nf8 21. Bc5 Qd7 22. Re1 Rb8 23. Nf3 Ne8 24. Bxb4 Nd6 25. Bxd6 Qxd6 26. Qa7 Nd7 27. h4 Bc6 28. Qa2 Rf8 29. h5 Nb6 30. hxg6 Qxg6 31. Bb3 Ra8 32. Nf5 Rxa2 33. Ne7+ Kh7 34. Nxg6 Rxb2 35. Bxf7 Rb5 36. Ne7 Bd7 37. Bg6+ Kh8 38. Nf5 Kg8 39. Rc1 Na4 40. Rc7 Bxf5 41. Bxf5 Rb6 42. Nh4 Bf6 43. Bh7+ Kf8 44. Nf5 Bg5 45. g3 Ke8 46. Bg8 Kd8 47. Rc4 Rb1+ 48. Kg2 Nb6 49. Rc6 Nd7 50. Nxh6 Bxh6 51. Rxh6 Nc5 52. Rh5 Re1 53. Rxe5 Nd7 54. Rd5 Rxe4 55. Bh7 Re5 56. Rxe5 Nxe5 57. f4 Ng4 58. Bd3 Ke7 59. Be2 Nh6 60. g4 1-0

[Event "FICGS W-ch st1 g06 email"]
[Site "FICGS email"]
[Date "2006.07.01"]
[Round "1"]
[White "Herr, Jeff"]
[Black "Ivanov, Hristo"]
[Result "0-1"]
[WhiteElo "1200"]
[BlackElo "2225"]
[PlyCount "58"]
[EventDate "2006.??.??"]
[EventType "tourn (corr)"]
[EventRounds "8"]
[SourceTitle "Corr 2022"]
[Source "ChessBase"]
[SourceDate "2021.10.24"]
[SourceVersion "1"]
[SourceVersionDate "2021.10.24"]
[SourceQuality "1"]

1. d4 Nf6 2. c4 e6 3. Nc3 Bb4 4. Qc2 0-0 5. a3 Bxc3+ 6. bxc3 d5 7. Bg5 h6 8. Bh4 c5 9. e3 Nbd7 10. Nf3 Qa5 11. Be2 cxd4 12. exd4 Ne4 13. cxd5 exd5 14. 0-0 Qxc3 15. Rfc1 Qxc2 16. Rxc2 f6 17. Bd3 Nb6 18. Bxe4 dxe4 19. Nd2 Bf5 20. Rc5 Bg6 21. Re1 Rfd8 22. Nb3 Bf7 23. Na5 Rxd4 24. Nxb7 Nc4 25. a4 Nb2 26. Ra1 Nd3 27. Ra5 e3 28. Bg3 e2 29. f3 Nb4 0-1

[Event "FICGS W-ch st1 g06 email"]
[Site "FICGS email"]
[Date "2006.07.01"]
[Round "1"]
[White "Ivanov, Hristo"]
[Black "Balogh, Ivan"]
[Result "1-0"]
[WhiteElo "2225"]
[BlackElo "1700"]
[PlyCount "53"]
[EventDate "2006.??.??"]
[EventType "tourn (corr)"]
[EventRounds "8"]
[SourceTitle "Corr 2022"]
[Source "ChessBase"]
[SourceDate "2021.10.24"]
[SourceVersion "1"]
[SourceVersionDate "2021.10.24"]
[SourceQuality "1"]

1. e4 c5 2. Nf3 d6 3. d4 cxd4 4. Nxd4 Nf6 5. Nc3 a6 6. Be3 Ng4 7. Bg5 h6 8. Bh4 Nc6 9. Be2 g5 10. Bg3 Nge5 11. Nb3 Bg7 12. h4 Be6 13. hxg5 hxg5 14. Rxh8+ Bxh8 15. Qd2 Bxb3 16. axb3 Nd4 17. 0-0-0 Nxe2+ 18. Qxe2 Rc8 19. Kb1 e6 20. Qd2 Rc6 21. Na2 Rb6 22. Nb4 Bf6 23. f3 a5 24. Nd3 Nxd3 25. Qxd3 a4 26. Bxd6 axb3 27. c4 1-0

[Event "IECC KO-4021"]
[Site "IECC email"]
[Date "2006.05.23"]
[Round "?"]
[White "Ivanov, Hristo"]
[Black "Byrski, Jacek"]
[Result "1-0"]
[WhiteElo "2195"]
[BlackElo "2000"]
[PlyCount "49"]
[EventDate "2006.??.??"]
[EventType "match (corr)"]
[EventRounds "2"]
[SourceTitle "Corr 2020"]
[Source "ChessBase"]
[SourceDate "2019.09.30"]
[SourceVersion "1"]
[SourceVersionDate "2019.09.30"]
[SourceQuality "1"]
[WhiteTeam "Bulgaria"]
[BlackTeam "Poland"]
[WhiteTeamCountry "BUL"]
[BlackTeamCountry "POL"]

1. e4 c5 2. Nf3 Nc6 3. Bb5 g6 4. 0-0 Bg7 5. c3 Nf6 6. d4 cxd4 7. cxd4 Nxe4 8. d5 Nd6 9. Na3 Nb4 10. Bf4 0-0 11. Qd2 a5 12. Rfe1 Qb6 13. Be3 Qc7 14. Bg5 Qb6 15. Bxe7 Nxb5 16. Nxb5 Qxb5 17. Bxf8 Kxf8 18. Qe3 Bf6 19. Qh6+ Bg7 20. Qh4 Qb6 21. d6 Nc6 22. Ng5 Ne5 23. Nxh7+ Kg8 24. Nf6+ Bxf6 25. Qxf6 1-0

[Event "IECC CL2-2006.04 email"]
[Site "IECC email"]
[Date "2006.04.14"]
[Round "?"]
[White "Ivanov, Hristo"]
[Black "Agulnick, Michael"]
[Result "1-0"]
[WhiteElo "2182"]
[BlackElo "2013"]
[PlyCount "97"]
[EventDate "2006.??.??"]
[EventType "tourn (corr)"]
[EventRounds "4"]
[SourceTitle "Corr 2015"]
[Source "ChessBase"]
[SourceDate "2015.07.17"]
[SourceVersion "1"]
[SourceVersionDate "2015.07.17"]
[SourceQuality "1"]
[WhiteTeam "Bulgaria"]
[BlackTeam "US of America"]
[WhiteTeamCountry "BUL"]
[BlackTeamCountry "USA"]

1. e4 c5 2. Nf3 Nc6 3. d4 cxd4 4. Nxd4 Nf6 5. Nc3 e5 6. Ndb5 d6 7. Nd5 Nxd5 8. exd5 Ne7 9. c4 Ng6 10. Qa4 Bd7 11. Qb4 Qb8 12. Be3 b6 13. h4 a5 14. Qa3 Bxb5 15. cxb5 Be7 16. h5 Nf8 17. Be2 Nd7 18. 0-0 h6 19. f4 Bf6 20. Qd3 Nc5 21. Bxc5 dxc5 22. Qf5 Qd6 23. Bc4 0-0 24. Bd3 Rfe8 25. Qh7+ Kf8 26. Rae1 Qxd5 27. Be4 Qd4+ 28. Kh2 Rad8 29. Bc6 Qxb2 30. Bxe8 Rxe8 31. a4 Qb3 32. Rd1 Ke7 33. Rfe1 Qxa4 34. fxe5 Qh4+ 35. Kg1 Bg5 36. e6 Kf6 37. Qc2 Rxe6 38. Qb2+ Ke7 39. Rxe6+ fxe6 40. Qxg7+ Ke8 41. Qd7+ Kf8 42. Rf1+ Bf6 43. Rf2 Qg5 44. Qxe6 Kg7 45. Qxb6 Qc1+ 46. Kh2 Be5+ 47. Kh3 Qh1+ 48. Kg4 Qd1+ 49. Rf3 1-0

[Event "FICGS class A 000001 email"]
[Site "FICGS email"]
[Date "2006.04.08"]
[Round "1"]
[White "Ivanov, Hristo"]
[Black "Aalderink, Gerwin"]
[Result "1/2-1/2"]
[WhiteElo "2192"]
[BlackElo "2036"]
[PlyCount "42"]
[EventDate "2006.??.??"]
[EventType "tourn (corr)"]
[EventRounds "6"]
[SourceTitle "Corr 2022"]
[Source "ChessBase"]
[SourceDate "2021.10.24"]
[SourceVersion "1"]
[SourceVersionDate "2021.10.24"]
[SourceQuality "1"]

1. e4 c6 2. d4 d5 3. e5 Bf5 4. Nf3 e6 5. Be2 Nd7 6. 0-0 Ne7 7. Nh4 Bg6 8. Nd2 c5 9. c3 cxd4 10. cxd4 Nf5 11. Nxg6 hxg6 12. Nf3 Be7 13. Bd3 Nb8 14. Bd2 Nc6 15. Bc3 a6 16. a3 Bg5 17. Re1 Bf4 18. g3 Bg5 19. Qb3 b5 20. Bf1 Be7 21. Qc2 Rc8 1/2-1/2

[Event "Plovdiv Tringov Memorial"]
[Site "Plovdiv"]
[Date "2006.02.12"]
[Round "8"]
[White "Ivanov, Hristo"]
[Black "Tsvetkov, Ilia"]
[Result "0-1"]
[WhiteElo "2139"]
[BlackElo "2334"]
[PlyCount "50"]
[EventDate "2006.02.07"]
[EventType "swiss"]
[EventRounds "9"]
[EventCountry "BUL"]
[SourceTitle "EXT 2007"]
[Source "ChessBase"]
[SourceDate "2006.11.23"]
[SourceVersion "1"]
[SourceVersionDate "2006.11.23"]
[SourceQuality "1"]

1. e4 c5 2. Nf3 Nc6 3. Bb5 e6 4. Bxc6 bxc6 5. 0-0 d5 6. e5 Ne7 7. d3 Nf5 8. Nc3 Be7 9. b3 Ba6 10. Ba3 Qa5 11. Na4 c4 12. Bxe7 Nxe7 13. dxc4 dxc4 14. Re1 Rd8 15. Qc1 Nd5 16. Qg5 0-0 17. Re4 h6 18. Qh4 Rd7 19. g4 Nc3 20. Re3 Ne2+ 21. Kh1 Nd4 22. Nxd4 Rxd4 23. Nc3 cxb3 24. cxb3 Rd3 25. Qg3 Qxc3 0-1

[Event "Plovdiv Tringov Memorial"]
[Site "Plovdiv"]
[Date "2006.02.08"]
[Round "2"]
[White "Ivanov, Hristo"]
[Black "Orlov, Pavle"]
[Result "1-0"]
[WhiteElo "2139"]
[BlackElo "2313"]
[PlyCount "53"]
[EventDate "2006.02.07"]
[EventType "swiss"]
[EventRounds "9"]
[EventCountry "BUL"]
[SourceTitle "EXT 2007"]
[Source "ChessBase"]
[SourceDate "2006.11.23"]
[SourceVersion "1"]
[SourceVersionDate "2006.11.23"]
[SourceQuality "1"]

1. e4 Nc6 2. d4 d6 3. c4 e5 4. d5 Nb8 5. Nc3 Be7 6. Nf3 Bg4 7. Be2 Nf6 8. 0-0 Bxf3 9. Bxf3 0-0 10. Be3 c5 11. a3 Na6 12. Rb1 Nd7 13. Qd2 Nb6 14. Be2 h6 15. g3 Bg5 16. f4 exf4 17. gxf4 Bf6 18. Kh1 Qe7 19. Bd3 Rfe8 20. Rbe1 Bd4 21. Bxd4 cxd4 22. Nb5 Nc5 23. Nxd4 Nxd3 24. Qxd3 Rac8 25. b3 Nd7 26. Nf5 Qf8 27. Qh3 1-0

[Event "IECG CP.2003.P.00061 email"]
[Site "IECG email"]
[Date "2003.10.01"]
[Round "?"]
[White "Ivanov, Hristo"]
[Black "Kulczycki, Mike"]
[Result "0-1"]
[WhiteElo "2074"]
[BlackElo "2068"]
[PlyCount "30"]
[EventDate "2003.10.01"]
[EventType "tourn (corr)"]
[EventRounds "6"]
[EventCountry "IRL"]
[SourceTitle "Corr 2024"]
[Source "ChessBase"]
[SourceDate "2023.10.19"]
[SourceVersion "1"]
[SourceVersionDate "2023.10.19"]
[SourceQuality "1"]

1. e4 c5 2. Nf3 d6 3. d4 cxd4 4. Nxd4 Nf6 5. Nc3 Nc6 6. Be3 e6 7. f3 a6 8. Qd2 Be7 9. g4 0-0 10. 0-0-0 Nxd4 11. Bxd4 b5 12. g5 Nd7 13. h4 b4 14. Ne2 a5 15. Ng3 Ne5 0-1